Most valuable players - World Cup 2026 - Statistics

General Stats
  • This quiz has been taken 110 times
  • The average score is 30 of 48
Answer Stats
Country Value (€) Club Position Answer % Correct
Argentina 90M Chelsea / Atletico Madrid CM / CF Enzo Fernández / Julián Alvarez
94%
Spain 200M Barcelona RW Lamine Yamal
93%
Norway 200M Manchester City CF Erling Haaland
91%
Canada 45M Bayern Munich LB Alphonso Davies
90%
England 140M Real Madrid CAM Jude Bellingham
90%
France 200M Real Madrid CF Kylian Mbappé
90%
Brazil 150M Real Madrid LW Vinicius Junior
89%
Colombia 70M Bayern Munich LW Luis Díaz
87%
Germany 120M Bayern Munich CAM Jamal Musiala
86%
Belgium 65M Manchester City LW Jérémy Doku
86%
Portugal 110M Paris Saint-Germain CM / CDM João Neves / Vitinha
86%
Croatia 70M Manchester City CB Josko Gvardiol
86%
Sweden 100M Liverpool CF Alexander Isak
84%
Uruguay 120M Real Madrid CM Federico Valverde
84%
Scotland 45M Napoli CM Scott McTominay
84%
Morocco 80M Paris Saint-Germain RB Achraf Hakimi
83%
United States 50M AC Milan RW Christian Pulisic
83%
Ecuador 110M Chelsea CDM Moisés Caicedo
82%
Egypt 60M Manchester City CF Omar Marmoush
82%
Turkey 90M Real Madrid CAM Arda Güler
79%
Netherlands 90M Liverpool CDM Ryan Gravenberch
77%
Austria 32M Bayern Munich RB Konrad Laimer
75%
Ghana 75M Manchester City RW Antoine Semenyo
74%
South Korea 28M Paris Saint-Germain CAM Kang-in Lee
71%
Algeria 40M Manchester City / Bayer 04 Leverkusen LB / CAM Rayan Aït-Nouri / Ibrahim Maza
71%
Uzbekistan 35M Manchester City CB Abdukodir Khusanov
67%
Switzerland 40M Borussia Dortmund GK Gregor Kobel
67%
New Zealand 6M Nottingham Forest CF Chris Wood
66%
Mexico 20M AC Milan CF Santiago Gimenez
66%
Senegal 50M Everton RW Iliman Ndiaye
62%
Japan 30M Real Sociedad RW Takefusa Kubo
62%
Democratic Republic of the Congo 30M Newcastle United / Sunderland CF / CM Yoane Wissa / Noah Sadiki
58%
Ivory Coast 75M RB Leipzig LW Yan Diomande
56%
Qatar 8M Al-Sadd LW Akram Afif
41%
Bosnia-Herzegovina 22M VfB Stuttgart CF Ermedin Demirovic
40%
South Africa 10M Burnley CF Lyle Foster
40%
Tunisia 16M Burnley CAM Hannibal
39%
Czech Republic 22M Wolwerhampton CB Ladislav Krejčí
38%
Haiti 18M Sunderland CF Wilson Isidor
33%
Paraguay 25M Brighton CM Diego Gómez
32%
Curaçao 4,5M Sheffield United CAM Tahith Chong
26%
Saudi-Arabia 5M Lens RB Saud Abdulhamid
23%
Iran 7M Shabab Al-Ahli CF Sardar Azmoun
22%
Panama 8M Besiktas RB Amir Murillo
18%
Cape Verde 18M Villarreal CB Logan Costa
16%
Australia 10M Parma CB Alessandro Circati
12%
Jordan 8M Stade Rennais RW Mousa Tamari
11%
Iraq 3M Hammarby RW Montader Madjed
7%
No matching quizzes found
Score Distribution
Percent of People with Each Score
Percentile by Number Answered
Your Score History
You have not taken this quiz